000 00594nam a22002057a 4500
003 UA-OsUOA
001 37834
007 ta
008 20060411b un ||||| |||| 00| 0 ukr d
090 _a34
942 _cSA
040 _aUA-OsUOA
_bukr
_cUA-OsUOA
_dUA-OsUOA
245 _aПро внесення змін до Сімейного кодексу України/Закон України від 23 лютого 2006 року №3497-ІV
300 _aС.23-26
955 _a0
041 _aukr
080 _a34
773 0 _w37833
650 7 _a34 Право. Юриспруденція
_2UDC
999 _c324003
_d324003